| 000 | 00456nam a2200181Ia 4500 | ||
|---|---|---|---|
| 005 | 20250423101313.0 | ||
| 008 | 250422s9999 xx 000 0 und d | ||
| 020 | _a0750652462 | ||
| 050 | _aNA 2765 .L39/ | ||
| 100 | _aLawson, Bryan | ||
| 245 | 4 | _aThe Language of Space | |
| 260 | _aOxford | ||
| 260 | _bArchitectural Press | ||
| 260 | _c2001 | ||
| 300 | _a263 p | ||
| 650 | _aSpace (Architecture) Architectural design-Social aspects | ||
| 942 | _cBK | ||
| 999 |
_c35912 _d35912 |
||